书目信息 |
| 题名: |
西方古代壁画史
|
|
| 作者: | 李辰 著 | |
| 分册: | ||
| 出版信息: | 北京 北京大学出版社 2007.10 |
|
| 页数: | 180页 | |
| 开本: | 24cm | |
| 丛书名: | ||
| 单 册: | ||
| 中图分类: | J218.6 | |
| 科图分类: | ||
| 主题词: | 壁画--bi hua--绘画史--西方国家--古代--教材 | |
| 电子资源: | ||
| ISBN: | 978-7-301-12249-5 | |
| 000 | 01003nam0 2200265 450 | |
| 001 | 012007383078 | |
| 005 | 20071205102334.34 | |
| 010 | @a978-7-301-12249-5@dCNY52.00 | |
| 100 | @a20071205d2007 km y0chi0120 ea | |
| 101 | 0 | @achi |
| 102 | @aCN@b110000 | |
| 105 | @aa a 000yy | |
| 106 | @ar | |
| 200 | 1 | @a西方古代壁画史@Axi fang gu dai bi hua shi@d= A history of western ancient mural painting@f李辰著@Fli chen zhu@zeng |
| 210 | @a北京@c北京大学出版社@d2007.10 | |
| 215 | @a180页@c图@d24cm | |
| 300 | @a中央美术学院规划教材 | |
| 320 | @a有书目 (第180页) | |
| 330 | @a本书从欧洲艺术的起源—史前岩画谈起,直到文艺复兴运动结束,各个章节按年代以每一件作品为中心,简述时代背景和艺术背景以及时代风格的传播,同时附有重要的名词解释或材料与技法说明。 | |
| 510 | 1 | @aHistory of western ancient mural painting@zeng |
| 606 | 0 | @a壁画@Abi hua@x绘画史@y西方国家@z古代@j教材 |
| 690 | @aJ218.6@v4 | |
| 701 | 0 | @a李辰@Ali chen@4著 |
| 801 | 0 | @aCN@bQSSK@c20071205 |
| 905 | @b270904-06@dJ218.6@eL135@f3 | |
| 西方古代壁画史= A history of western ancient mural painting/李辰著.-北京:北京大学出版社,2007.10 |
| 180页:图;24cm |
| 中央美术学院规划教材 |
| ISBN 978-7-301-12249-5:CNY52.00 |
| 本书从欧洲艺术的起源—史前岩画谈起,直到文艺复兴运动结束,各个章节按年代以每一件作品为中心,简述时代背景和艺术背景以及时代风格的传播,同时附有重要的名词解释或材料与技法说明。 |
| ● |
| 相关链接 |
|
|
|
正题名:西方古代壁画史
索取号:J218.6/L135
 
预约/预借
| 序号 | 登录号 | 条形码 | 馆藏地/架位号 | 状态 | 备注 |
| 1 | 270904 | 202709042 | 社科库309/309社科库 73排3列3层/ [索取号:J218.6/L135] | 在馆 | |
| 2 | 270905 | 202709051 | 社科库309/309社科库 72排3列2层/ [索取号:J218.6/L135] | 在馆 | |
| 3 | 270906 | 202709060 | 社科库309/309社科库 73排3列3层/ [索取号:J218.6/L135] | 在馆 |